Statistics for Top 15 Countries with Covid-19 Deaths - 16 May

Click here to take the quiz!

General Stats

  • This quiz has been taken 18 times
  • The average score is 15 of 21

Answer Stats

country% Correct
China
100%
United States
100%
Brazil
88%
France
88%
Germany
82%
Italy
82%
Mexico
82%
Spain
82%
Netherlands
76%
Switzerland
76%
United Kingdom
76%
Belgium
71%
Ireland
71%
Portugal
71%
Canada
65%
Iran
59%
Denmark
53%
Sweden
53%
Sweden
53%
Turkey
53%
Ecuador
47%

Score Distribution

Percentile by Number Answered

Percent of People with Each Score

Your Score History

You have not taken this quiz